[Event "Nikaia op 23rd"]
[Site "Nikaia"]
[Date "2015.08.27"]
[Round "1"]
[White "Merasedoglou, Dimitrios Nektar"]
[Black "Markantonaki, Haritomeni"]
[Result "1-0"]
[WhiteElo "1773"]
[BlackElo "2228"]
[PlyCount "177"]
[EventDate "2015.08.26"]
[EventType "swiss"]
[EventRounds "9"]
[EventCountry "GRE"]
[SourceTitle "EXT 2016"]
[Source "ChessBase"]
[SourceDate "2015.10.08"]
[SourceVersion "1"]
[SourceVersionDate "2015.10.08"]
[SourceQuality "1"]

1. d4 Nf6 2. Bf4 e6 3. Nf3 b6 4. e3 Bb7 5. Bd3 c5 6. c3 Be7 7. h3 0-0 8. 0-0 d6 9. Nbd2 Nbd7 10. Qc2 Rc8 11. Ne4 Qc7 12. dxc5 bxc5 13. Rac1 e5 14. Bh2 c4 15. Nxf6+ Nxf6 16. Be2 Ne4 17. Nd2 Nxd2 18. Qxd2 f5 19. Rfd1 Rf6 20. Bf3 Bxf3 21. gxf3 Kh8 22. f4 e4 23. Qd5 Qb6 24. Rc2 Rc5 25. Qd2 Qb8 26. Qe2 Qe8 27. Rd4 Qf7 28. Bg3 Rh6 29. Kg2 d5 30. b3 cxb3 31. axb3 Rhc6 32. c4 dxc4 33. Rdxc4 Rxc4 34. Rxc4 Rxc4 35. bxc4 h6 36. f3 exf3+ 37. Kxf3 Qh5+ 38. Kf2 Qxh3 39. Qd3 h5 40. Qd7 Bf6 41. e4 Qg4 42. e5 Bh4 43. Bxh4 Qxh4+ 44. Kf3 Qg4+ 45. Ke3 Qg3+ 46. Ke2 Qg2+ 47. Kd3 Qf1+ 48. Kc3 Qa1+ 49. Kb4 Qb2+ 50. Kc5 Qa3+ 51. Kd5 Qa5+ 52. Ke6 Qa6+ 53. Kf7 Kh7 54. Qxf5+ g6 55. Qf6 Qxc4+ 56. e6 Qc7+ 57. e7 Qc4+ 58. Qe6 Qxf4+ 59. Ke8 Qb8+ 60. Kd7 Qb5+ 61. Qc6 Qf5+ 62. Kd8 Qg5 63. Qd7 Kh6 64. Kc8 Qc5+ 65. Kb8 Qe5+ 66. Ka8 Qe4+ 67. Qb7 Qe5 68. Qd7 Qe4+ 69. Kb8 Qe5+ 70. Kc8 Qc5+ 71. Kd8 Qg5 72. Qd4 Kh7 73. Qd7 Kh6 74. Qe6 h4 75. Qg8 Qd2+ 76. Ke8 Qe3 77. Kf8 Qc5 78. Qg7+ Kh5 79. Kg8 Qc8+ 80. Kh7 h3 81. Qxg6+ Kh4 82. e8Q Qxe8 83. Qxe8 Kg3 84. Qe4 Kh2 85. Qg4 a5 86. Kg6 a4 87. Kf5 a3 88. Kf4 a2 89. Qg3+ 1-0